00701cam a22002171 4500001001300000003000400013005001700017008004100034010001700075025002100092035002000113040002100133042001200154050002300166111005700189245010200246260004600348300001900394650004300413700002700456sa 68014570 DLC20260227112633.0890527s1968 io 000 0 ind  asa 68014570  aPLO480:Indo-7549 a(OCoLC)19773426 aDLCcCUdCUdDLC apremarc00aHN39.I53bK65 19672 aKonperensi Gereja dan Masyarakatd(1967 :cSalatiga)10aPanggilan Kristen dalam pembaharuan masjarakat;blaporan, disusun dibawah redaksi S.A.E. Nababan. aDjakarta,bBadan Penerbit Kristenc[1968] a136 p.c21 cm. 0aChurch and social problemszIndonesia.1 aNababan, Soritua A. E.